Failed Flag Proposals #3 - Statistics

General Stats
  • This quiz has been taken 1,943 times
    1,426 since last reset
  • The average score is 7 of 16
Answer Stats
Picture Hint Answer % Correct
Asia China
92%
Europe Croatia
86%
South America Guyana
77%
Africa Rwanda
66%
Europe Kosovo
62%
Europe Lithuania
55%
Europe France
45%
Asia Nepal
40%
Africa Democratic Republic of the Congo
28%
Europe Ukraine
27%
Asia Tajikistan
25%
Africa Ivory Coast
23%
Asia North Korea
23%
North America Panama
20%
Europe Bulgaria
17%
Asia Iraq
15%
No matching quizzes found
Score Distribution
Percent of People with Each Score
Percentile by Number Answered
Your Score History
You have not taken this quiz since the last reset